|
|
|
|
| LEADER |
01613nam a2200361 a 4500 |
| 001 |
3691 |
| 003 |
BD-DhAAL |
| 005 |
20150427113024.0 |
| 008 |
150427s1996 cau b 000 0 eng |
| 010 |
|
|
|a 94037743
|
| 020 |
|
|
|a 1558153535
|
| 040 |
|
|
|a DLC
|c DLC
|d DLC
|d BD-DhAAL
|
| 050 |
0 |
0 |
|a HD82
|b .H219 1996
|
| 082 |
0 |
0 |
|a 338.9
|2 20
|
| 100 |
1 |
|
|a Haggard, Stephan.
|9 10702
|
| 245 |
1 |
0 |
|a Voting for reform :
|b democracy, political liberalization, and economic adjustment : an overview /
|c Stephan Haggard and Steven B. Webb.
|
| 260 |
|
|
|a San Francisco, Calif. :
|b ICS Press,
|c c1996.
|
| 300 |
|
|
|a vii, 43 p. ;
|c 23 cm.
|
| 490 |
1 |
|
|a ICEG sector studies series ;
|v no. 12
|
| 500 |
|
|
|a "A copublication of the International Center for Economic Growth and the World Bank."
|
| 504 |
|
|
|a Includes bibliographical references (p. 39-43).
|
| 541 |
|
|
|e 3691
|
| 650 |
|
0 |
|a Economic policy
|x Case studies.
|9 10703
|
| 650 |
|
0 |
|a Structural adjustment (Economic policy)
|x Case studies.
|9 10704
|
| 650 |
|
0 |
|a Democracy
|x Case studies.
|9 10705
|
| 700 |
1 |
|
|a Webb, Steven Benjamin,
|d 1947-
|9 10706
|
| 710 |
2 |
|
|a International Center for Economic Growth.
|9 7854
|
| 710 |
2 |
|
|a World Bank.
|9 10707
|
| 830 |
|
0 |
|a Sector studies ;
|v no. 12.
|9 7837
|
| 942 |
|
|
|2 ddc
|c BK
|
| 999 |
|
|
|c 34312
|d 34312
|
| 952 |
|
|
|0 0
|1 0
|2 ddc
|4 0
|6 338_900000000000000_HAG
|7 0
|9 53568
|a SCL
|b SCL
|c GEN
|d 2015-04-27
|e Gift: The Asia Foundation
|l 0
|o 338.9 HAG
|p 3020003691
|r 2015-04-27
|t 1
|w 2015-04-27
|y BK
|
| 952 |
|
|
|0 0
|1 0
|2 ddc
|4 0
|6 338_900000000000000_HAG
|7 0
|9 53573
|a SCL
|b SCL
|c GEN
|d 2015-04-27
|e Gift: The Asia Foundation
|l 0
|o 338.9 HAG
|p 3020003692
|r 2015-04-27
|t 2
|w 2015-04-27
|y BK
|